00507nam a2200193 a 4500001001300000003000900013005001700022008004100039020001000080082001500090100002300105245005300128260002700181300000900208500003500217505001500252650002300267700002300290nice12345678IN_TiNIC20260116015119.0050524s2004 bana grp 000 0 eng  ac10000a275.4bWES aWesley, Arun Kumar aThis Is How the Gospel Came to Badachoudanahalli aBanglorebBtesscc2004 a101p aincludes index and biblioraphy2 aAppendices aChristianity-India1 aWesley, Arun Kumar